Revisting Margins and Rewriting Gender: Minoritarian Paradigms in Devaki Nilayamgod's Memories/ (Record no. 177087)
[ view plain ]
| 000 -LEADER | |
|---|---|
| fixed length control field | 00685nam a22001817a 4500 |
| 005 - DATE AND TIME OF LATEST TRANSACTION | |
| control field | 20210215111736.0 |
| 010 ## - LCCN (DPL NO) | |
| LC control number | ENG-129015 |
| 020 ## - INTERNATIONAL STANDARD BOOK NUMBER | |
| Terms of availability | 225.00 |
| International Standard Book Number | 9788194746690 |
| 035 ## - SYSTEM CONTROL NUMBER | |
| System control number | EN-112547 |
| 037 ## - SOURCE OF ACQUISITION | |
| Source of stock number/acquisition | DBAD/PUB |
| 082 ## - DEWEY DECIMAL CLASSIFICATION NUMBER | |
| Classification number | 305.56 |
| 100 ## - MAIN ENTRY--PERSONAL NAME | |
| Personal name | Menon, Deepthi |
| 245 ## - TITLE STATEMENT | |
| Title | Revisting Margins and Rewriting Gender: Minoritarian Paradigms in Devaki Nilayamgod's Memories/ |
| Statement of responsibility, etc | Deepthi Menon |
| Remainder of title | |
| 260 ## - PUBLICATION, DISTRIBUTION, ETC. (IMPRINT) | |
| Name of publisher, distributor, etc | Gmotivation - an imprint of green books private limited |
| Date of publication, distribution, etc | 2020 |
| 270 ## - ADDRESS | |
| Address | GB Buliding , Civil Lane Road , Ayyanthole ,Thrissur |
| City | Kerala |
| Postal code | 680003 |
| Telephone number | 487-2381066 |
| Electronic mail address | info@greenbooksindia.com |
| 300 ## - PHYSICAL DESCRIPTION | |
| Extent | 184p. |
| Other physical details | 22cm(pbk) |
| 942 ## - ADDED ENTRY ELEMENTS (KOHA) | |
| Source of classification or shelving scheme | Dewey Decimal Classification |
| Item type | English Books |
| Classification part | 305.56 |
| Call number suffix | MEN |
| Withdrawn status | Lost status | Not for loan | Collection code | Home library | Current library | Date acquired | Source of acquisition | Cost, normal purchase price | Full call number | Barcode | Copy number | Cost, replacement price | Koha item type |
|---|---|---|---|---|---|---|---|---|---|---|---|---|---|
| Non-fiction | Bawana | Bawana | 08/02/2021 | DBAD/PUB | 225.00 | 305.56 MEN | EN-112547 | 1 | 225.00 | English Books |
